DÖNEN KÜRELER (Record no. 1223807)

MARC details
000 -LEADER
sabit uzunluktaki kontrol alanı 00254nam a2200097Ia 4500
001 - KONTROL NUMARASI
kontrol alanı 1223807
005 - EN SON İŞLEMİN TARİH VE ZAMANI
kontrol alanı 20250827092914.0
008 - SABİT-UZUNLUKTA VERİ ÖĞELERİ--GENEL BİLGİ
sabit uzunluktaki kontrol alanı 250824s9999 xx 000 0 und d
245 #0 - ESER / YAZAR
ESER ADI DÖNEN KÜRELER
Yazar Adı YUSUF YILDIRIM/İKBAL YILDIRIM
260 ## - YAYIN, DAĞITIM, VB.
YAYIN EVİ MODEL ÇOCUK
Holdings
Düşüm durumu Kayıp durumu Hasar Durumu Ödünç verilmez Ana kütüphane Geçerli Kütüphane Edinilen tarih Toplam ödünç verme sayısı Barkod Son görüntüleme tarihi Fiyatın geçerli olmaya başladığı tarih Koha materyal türü
        AHMET ACAR İLKOKULU AHMET ACAR İLKOKULU 24.08.2025   10026018 15.12.2025 27.08.2025 Books